Kerjaya dalam bidang seni
| Main Author: | |
|---|---|
| Format: | Book |
| Published: |
Kuala Lumpur :
Pustaka Printis ,
2012
|
| Subjects: |
MARC
| LEADER | 00000cam a2200000 7i4500 | ||
|---|---|---|---|
| 001 | 0000174843 | ||
| 005 | 20130415.0 | ||
| 020 | |a 9789838325134 | ||
| 090 | 0 | 0 | |a 700.23 |b NUR |
| 100 | 0 | |a Nurul Ain Amirnur Rashid | |
| 245 | 1 | 0 | |a Kerjaya dalam bidang seni |c Nurul Ain Amirnur Rashid |
| 260 | |a Kuala Lumpur : |b Pustaka Printis , |c 2012 | ||
| 300 | |a 40p. : |b ill. ; |c 26cm. | ||
| 650 | 0 | 0 | |a Arts |x Vocational guidance |x Juvenile literature |
| 999 | |a 00279037 |b BUKU |c JUNIOR BOOKS |e PERPUSTAKAAN KOMUNITI CAW TAMAN MEDAN | ||